[Event "Paracin 2018"]
[Site "Paracin, Hotel Petrus"]
[Date "2018.07.11"]
[Round "7.47"]
[White "Radojkovic, Stefan"]
[Black "Petrov, Georgi"]
[Result "0-1"]
[WhiteElo "2105"]
[BlackElo "2213"]
[PlyCount "107"]
[EventDate "2018.07.06"]

1. Nf3 c5 2. c4 Nc6 3. b3 Nf6 4. Bb2 d6 5. d4 cxd4 6. Nxd4 Bd7 7. Nc3 Nxd4 8.
Qxd4 g6 9. Nd5 Bg7 10. g3 O-O 11. Bg2 Bc6 12. O-O a5 13. e4 a4 14. f4 axb3 15.
axb3 Rxa1 16. Rxa1 Ne8 17. e5 dxe5 18. fxe5 Nc7 19. Qc5 Bxd5 20. cxd5 Na6 21.
Qd4 Qd7 22. Qb6 Rc8 23. e6 fxe6 24. Bh3 Nc7 25. Qxb7 Rd8 26. Bxg7 Kxg7 27. Ra7
Qxd5 28. Qxd5 Nxd5 29. Bxe6 Kf6 30. Rd7 Rxd7 31. Bxd7 Nb6 32. Bc6 Ke5 33. Kf2
Kd4 34. Kf3 Nc8 35. Kf4 Nd6 36. Kg5 Nf7+ 37. Kh4 e5 38. b4 e4 39. b5 Ne5 40.
Bxe4 Kxe4 41. b6 Kf5 42. b7 Nd7 43. g4+ Kf6 44. Kg3 g5 45. Kf3 Ke5 46. Ke3 h6
47. Kf3 Kd4 48. h3 Kd3 49. Kf2 Ke4 50. Ke2 Kf4 51. Kf2 Nb8 52. Kg2 Ke3 53. Kg3
Nd7 54. Kg2 0-1

[Event "Paracin 2018"]
[Site "Paracin, Hotel Petrus"]
[Date "2018.07.11"]
[Round "7.48"]
[White "Srdanovic, Jovana"]
[Black "Winkelman, Albert"]
[Result "1/2-1/2"]
[WhiteElo "2064"]
[BlackElo "2210"]
[PlyCount "72"]
[EventDate "2018.07.06"]

1. e4 e5 2. Nf3 Nc6 3. Bb5 a6 4. Ba4 Nf6 5. d3 b5 6. Bb3 Be7 7. a3 O-O 8. Nc3
d6 9. h3 Na5 10. Ba2 Be6 11. Nd5 Nxd5 12. exd5 Bf5 13. O-O c5 14. dxc6 Nxc6 15.
Qe2 Bf6 16. Be3 d5 17. Nh2 Re8 18. Rfd1 Qd6 19. Ng4 Bd8 20. Qf3 Be6 21. d4 e4
22. Qg3 Qxg3 23. fxg3 Bc7 24. Bf4 Bb6 25. c3 Bxg4 26. hxg4 Rad8 27. Kf2 a5 28.
g5 b4 29. axb4 axb4 30. Bb3 bxc3 31. bxc3 Na5 32. Rdb1 Re6 33. Ba4 Kf8 34. Rh1
Kg8 35. Rhb1 Kf8 36. Rh1 Kg8 1/2-1/2

[Event "Paracin 2018"]
[Site "Paracin, Hotel Petrus"]
[Date "2018.07.11"]
[Round "7.50"]
[White "Bergsson, Stefan"]
[Black "Shoboev, Dandar"]
[Result "0-1"]
[WhiteElo "2192"]
[BlackElo "2086"]
[PlyCount "72"]
[EventDate "2018.07.06"]

1. c4 Nf6 2. Nc3 c5 3. g3 d5 4. cxd5 Nxd5 5. Bg2 Nc7 6. Nf3 Nc6 7. O-O e5 8. d3
Be7 9. Be3 O-O 10. Rc1 Be6 11. a3 b6 12. Nd2 Nd5 13. Qa4 Rc8 14. b4 Nxe3 15.
fxe3 cxb4 16. Nce4 Bd7 17. axb4 f5 18. b5 Na5 19. Nc3 Bc5 20. d4 Bd6 21. Nb3
Nxb3 22. Qxb3+ Kh8 23. d5 e4 24. Ra1 Rc7 25. Kf2 Qf6 26. Rac1 Qh6 27. Rh1 Rfc8
28. Na2 Rxc1 29. Nxc1 Rc5 30. Qa3 Rc7 31. Qb3 Qh5 32. Na2 h6 33. Bf1 Rc5 34.
Qa3 Bxb5 35. Qxa7 Rc2 36. Qxb6 Bxe2 0-1

[Event "Paracin 2018"]
[Site "Paracin, Hotel Petrus"]
[Date "2018.07.11"]
[Round "7.51"]
[White "Horton, Jamie A"]
[Black "Isha, Sharma"]
[Result "1/2-1/2"]
[WhiteElo "2189"]
[BlackElo "2062"]
[PlyCount "178"]
[EventDate "2018.07.06"]

1. d4 d6 2. c4 e5 3. Nf3 e4 4. Ng5 f5 5. Nc3 g6 6. g3 c6 7. Bg2 Na6 8. Nh3 Bg7
9. O-O Nf6 10. Bg5 h6 11. Bxf6 Qxf6 12. e3 O-O 13. Nf4 Qf7 14. d5 Be5 15. Nfe2
c5 16. f3 exf3 17. Bxf3 Qe7 18. Qd2 Bd7 19. e4 Qg7 20. Kg2 Rae8 21. Rae1 g5 22.
exf5 Bxf5 23. Be4 Bc8 24. a3 Nc7 25. Qd3 Rf6 26. Rxf6 Qxf6 27. Qf3 Qxf3+ 28.
Kxf3 b6 29. Ke3 Rf8 30. Bg2 Ne8 31. Rf1 Nf6 32. h3 Re8 33. Kd3 Nh5 34. Ne4 Kg7
35. b3 Re7 36. g4 Nf4+ 37. Nxf4 Bxf4 38. Rf2 Bd7 39. Re2 Be5 40. Rf2 Be8 41.
Nd2 Bf4 42. Re2 Rxe2 43. Kxe2 Bxd2 44. Kxd2 Bg6 45. Ke3 Bc2 46. b4 Kf6 47. bxc5
bxc5 48. Be4 Bb3 49. Bd3 Ke5 50. Be2 Bc2 51. Bf3 Bb1 52. Bg2 Bc2 53. Bf3 Bg6
54. Bg2 Kf6 55. Be4 Be8 56. Bf3 Bd7 57. Be2 Ke7 58. Kd2 Kd8 59. Kc3 Kc7 60. Bd1
Be8 61. Bc2 Kb6 62. Kb2 Ka5 63. Kc3 Bd7 64. Bf5 Ba4 65. Bc2 Be8 66. Kb2 Kb6 67.
Kc3 Kc7 68. Kd2 Kd8 69. Ke3 Ke7 70. Kf3 Kf6 71. Kf2 h5 72. Ke3 Ke5 73. Bd3 hxg4
74. hxg4 Ba4 75. Be4 Bb3 76. Bd3 Ba2 77. Be2 Bb1 78. Bf3 Bc2 79. Be2 Be4 80.
Bd1 Bg2 81. Be2 Bh3 82. Bd1 Bf1 83. Bb3 a5 84. a4 Bh3 85. Bd1 Bg2 86. Bc2 Bh1
87. Bf5 Bg2 88. Bd3 Bh3 89. Be2 Bg2 1/2-1/2

[Event "Paracin 2018"]
[Site "Paracin, Hotel Petrus"]
[Date "2018.07.11"]
[Round "7.52"]
[White "Altun, Arda"]
[Black "Gochev, Mladen"]
[Result "1-0"]
[WhiteElo "1955"]
[BlackElo "2181"]
[PlyCount "73"]
[EventDate "2018.07.06"]

1. e4 e6 2. d3 d5 3. Nd2 c5 4. Ngf3 Nf6 5. g3 g6 6. Bg2 Bg7 7. O-O O-O 8. Re1
Nc6 9. c3 a5 10. Qc2 b6 11. Nf1 h6 12. h4 Ra7 13. e5 Ng4 14. Bf4 f6 15. exf6
Qxf6 16. Ne3 Nxe3 17. Rxe3 d4 18. cxd4 Nxd4 19. Nxd4 Qxd4 20. Rae1 Raf7 21. Re4
Qxb2 22. Qxb2 Bxb2 23. Bxh6 Rd8 24. Bh3 Bd4 25. Be3 Bc3 26. Rb1 Rxd3 27. Bxe6
Bxe6 28. Rxe6 Bb4 29. Rxg6+ Kh7 30. Rxb6 c4 31. Rc6 c3 32. Rc1 a4 33. g4 Rfd7
34. Kg2 a3 35. g5 Rd2 36. g6+ Kg7 37. h5 1-0

[Event "Paracin 2018"]
[Site "Paracin, Hotel Petrus"]
[Date "2018.07.11"]
[Round "7.53"]
[White "Danaci, Ege"]
[Black "Pajcin, Lav"]
[Result "1-0"]
[WhiteElo "1902"]
[BlackElo "2130"]
[PlyCount "107"]
[EventDate "2018.07.06"]

1. e4 e5 2. Nf3 Nc6 3. Bc4 Bc5 4. c3 Nf6 5. d3 a6 6. Bb3 Ba7 7. Nbd2 O-O 8. h3
d5 9. Qe2 dxe4 10. dxe4 Nh5 11. g3 Be6 12. Nf1 Bxb3 13. axb3 Qe7 14. Bg5 Qe6
15. Nh4 g6 16. Ne3 Bxe3 17. Qxe3 Qxb3 18. O-O Qe6 19. g4 Ng7 20. Bh6 Rfd8 21.
Kh1 Qc4 22. f3 Ne6 23. Nf5 Rd7 24. Qf2 f6 25. Ne3 Qc5 26. Qc2 Ne7 27. Qb3 Qb6
28. Qa2 Kh8 29. Nc4 Qc6 30. Na5 Qb6 31. Be3 Qxe3 32. Qxe6 Rad8 33. Qxf6+ Kg8
34. Qxe5 Qe2 35. Qe6+ Kh8 36. Nc4 Rd1 37. Qf6+ Kg8 38. Raxd1 Rxd1 39. Rxd1
Qxd1+ 40. Kg2 Qe2+ 41. Kg3 Qe1+ 42. Kf4 Qc1+ 43. Ke5 Nc6+ 44. Ke6 Qh6 45. Ne3
a5 46. Nd5 a4 47. Qf7+ Kh8 48. Qe8+ Kg7 49. Nf6 Qd2 50. Qg8+ Kh6 51. Qxh7+ Kg5
52. h4+ Kf4 53. Qh6+ g5 54. Qxg5+ 1-0

[Event "Paracin 2018"]
[Site "Paracin, Hotel Petrus"]
[Date "2018.07.11"]
[Round "7.54"]
[White "Eric, Jovana"]
[Black "Stankovic, Milos M"]
[Result "1-0"]
[WhiteElo "2342"]
[BlackElo "2100"]
[PlyCount "71"]
[EventDate "2018.07.06"]

1. f4 d5 2. Nf3 e6 3. g3 c5 4. Bg2 Nc6 5. O-O f5 6. d3 Nf6 7. c3 Bd6 8. Qc2 Qb6
9. Kh1 Bd7 10. Be3 Qc7 11. Nbd2 O-O 12. Bg1 e5 13. fxe5 Nxe5 14. Nxe5 Bxe5 15.
e4 fxe4 16. dxe4 dxe4 17. Nxe4 Nxe4 18. Qxe4 b6 19. Rad1 Bb5 20. c4 Ba6 21. Rf5
Rxf5 22. Qxa8+ Bc8 23. Qd5+ Qf7 24. Qc6 Qf8 25. Bh3 Bxb2 26. Bxf5 Bxf5 27. Qd5+
Kh8 28. Rf1 g6 29. Rf3 Qe7 30. Re3 Qf8 31. Qc6 Kg7 32. Qb7+ Kg8 33. Re2 Bc3 34.
Be3 Qe8 35. Bd4 Qf8 36. Qd5+ 1-0

[Event "Paracin 2018"]
[Site "Paracin, Hotel Petrus"]
[Date "2018.07.11"]
[Round "7.55"]
[White "Tarun, V Kanth"]
[Black "Kecskemeti, Arpad"]
[Result "1/2-1/2"]
[WhiteElo "2086"]
[BlackElo "2297"]
[PlyCount "82"]
[EventDate "2018.07.06"]

1. d4 Nf6 2. c4 g6 3. Nc3 Bg7 4. e4 d6 5. Bd3 O-O 6. Nge2 Nbd7 7. O-O c6 8. h3
e5 9. d5 cxd5 10. cxd5 Nc5 11. Bc2 a5 12. Be3 Nfd7 13. a3 f5 14. exf5 gxf5 15.
f4 exf4 16. Nxf4 Ne5 17. Nh5 Nc4 18. Bxc5 dxc5 19. Nxg7 Kxg7 20. Qe2 Qh4 21.
Ne4 Nb6 22. Nxc5 Qd4+ 23. Qf2 Qxf2+ 24. Rxf2 Nxd5 25. Bb3 Ne7 26. Re1 Ng6 27.
Bd5 Rb8 28. Bxb7 Rxb7 29. Nxb7 Bxb7 30. b4 axb4 31. axb4 Be4 32. Ra1 Ne5 33.
Ra7+ Kf6 34. Rxh7 Nd3 35. Rd2 Nxb4 36. Rhd7 Rg8 37. Kf1 Nc2 38. g4 f4 39. R2d6+
Ke5 40. Ra6 Ne3+ 41. Kf2 Nd5 1/2-1/2

[Event "Paracin 2018"]
[Site "Paracin, Hotel Petrus"]
[Date "2018.07.11"]
[Round "7.56"]
[White "Mijatovic, Dusan"]
[Black "Martic, Zlatko"]
[Result "0-1"]
[WhiteElo "2071"]
[BlackElo "2264"]
[PlyCount "58"]
[EventDate "2018.07.06"]

1. e4 g6 2. d4 Bg7 3. Nc3 a6 4. a4 d6 5. Nge2 Nc6 6. Be3 e5 7. dxe5 Nxe5 8. h3
Nf6 9. b3 O-O 10. f4 Nc6 11. g3 Re8 12. Bg2 Nxe4 13. Bxe4 d5 14. Bxd5 Rxe3 15.
Bxc6 Bxc3+ 16. Kf2 Rxe2+ 17. Qxe2 Bxa1 18. Rd1 Bd4+ 19. Kg2 bxc6 20. c3 Qd5+
21. Kh2 Qe6 22. Qxe6 Bxe6 23. Rxd4 Bxb3 24. Rb4 Be6 25. Rb7 a5 26. g4 Rd8 27.
Kg3 Rd3+ 28. Kg2 Rxc3 29. Rxc7 Ra3 0-1

[Event "Paracin 2018"]
[Site "Paracin, Hotel Petrus"]
[Date "2018.07.11"]
[Round "7.57"]
[White "Saksham, Rautela"]
[Black "Trifunovic, Miroljub"]
[Result "1-0"]
[WhiteElo "2064"]
[BlackElo "2198"]
[PlyCount "59"]
[EventDate "2018.07.06"]

1. e4 e5 2. Nf3 Nc6 3. d4 exd4 4. Nxd4 Bc5 5. Nb3 Bb4+ 6. c3 Be7 7. Be3 Nf6 8.
N1d2 d5 9. Qc2 dxe4 10. Nxe4 Nxe4 11. Qxe4 O-O 12. Bc4 Bd6 13. O-O-O Re8 14.
Qc2 Ne5 15. Bb5 c6 16. Be2 Ng4 17. Bxg4 Bxg4 18. Rd4 Bh5 19. Qd2 Re6 20. g4
Bxg4 21. Rxg4 Qc8 22. Rd4 Be5 23. Rd3 b6 24. Rd1 Re8 25. Bd4 Bxd4 26. Rxd4 h6
27. Rd7 c5 28. Qd5 Rf8 29. Re1 Kh8 30. Ree7 1-0

[Event "Paracin 2018"]
[Site "Paracin, Hotel Petrus"]
[Date "2018.07.11"]
[Round "7.58"]
[White "Zhukov, Anton"]
[Black "Ongut, Tamas Gunes"]
[Result "0-1"]
[WhiteElo "2046"]
[BlackElo "2185"]
[PlyCount "78"]
[EventDate "2018.07.06"]

1. d4 d5 2. c4 c6 3. Nf3 Nf6 4. Qb3 e6 5. Nc3 dxc4 6. Qxc4 b5 7. Qd3 a6 8. e4
c5 9. e5 cxd4 10. Nxd4 Nd5 11. Nxd5 Qxd5 12. Nf3 Bb7 13. Bd2 Nd7 14. Bc3 Nc5
15. Qxd5 Bxd5 16. Be2 Na4 17. Bd4 Rd8 18. Bc3 Nxc3 19. bxc3 Ba3 20. O-O Rc8 21.
Nd2 Bb2 22. Rab1 Bxc3 23. Rfc1 Ke7 24. Rc2 Bxe5 25. Rbc1 Rxc2 26. Rxc2 Rb8 27.
Nb3 Bd6 28. Na5 Kd7 29. Bf3 Bxf3 30. gxf3 Rc8 31. Rxc8 Kxc8 32. h3 Kc7 33. Kf1
Kb6 34. Nb3 a5 35. Ke2 a4 36. Nc1 Kc5 37. Kd3 b4 38. Ne2 Be5 39. Kc2 Kc4 0-1

[Event "Paracin 2018"]
[Site "Paracin, Hotel Petrus"]
[Date "2018.07.11"]
[Round "7.59"]
[White "Harshini, A."]
[Black "Cirovic, Miroljub"]
[Result "1/2-1/2"]
[WhiteElo "2037"]
[BlackElo "2183"]
[PlyCount "58"]
[EventDate "2018.07.06"]

1. e4 c5 2. Nf3 e6 3. d4 cxd4 4. Nxd4 Nc6 5. Nc3 Qc7 6. Be2 Nf6 7. O-O Be7 8.
Kh1 O-O 9. f4 d6 10. Be3 Nxd4 11. Qxd4 b6 12. Bf3 Bb7 13. e5 Bxf3 14. Rxf3 dxe5
15. fxe5 Nd7 16. Bf4 Rfd8 17. Raf1 Nf8 18. Qe4 Ng6 19. Bg3 Rf8 20. Rxf7 Rxf7
21. Qxa8+ Rf8 22. Rxf8+ Bxf8 23. Qe4 a6 24. Qe2 b5 25. Ne4 Nxe5 26. Ng5 Qc4 27.
Qxc4 Nxc4 28. Nxe6 Nxb2 29. Nc7 Na4 1/2-1/2

[Event "Paracin 2018"]
[Site "Paracin, Hotel Petrus"]
[Date "2018.07.11"]
[Round "7.60"]
[White "Djukic, Sandra"]
[Black "Vlassis, Georgios"]
[Result "1-0"]
[WhiteElo "2181"]
[BlackElo "2005"]
[PlyCount "85"]
[EventDate "2018.07.06"]

1. d4 Nf6 2. c4 e6 3. Nf3 Bb4+ 4. Nbd2 Qe7 5. e3 O-O 6. Be2 b6 7. O-O Bxd2 8.
Qxd2 Bb7 9. b3 d6 10. Bb2 Nbd7 11. Rac1 Ne4 12. Qc2 f5 13. Ne1 Qg5 14. Nf3 Qh6
15. d5 e5 16. Kh1 Ndf6 17. Ng1 Nh5 18. Bxh5 Qxh5 19. Qe2 Qh6 20. Qe1 Rae8 21.
f3 Nc5 22. Qd2 f4 23. e4 Nd7 24. b4 Nf6 25. Nh3 Nh5 26. c5 Bc8 27. cxd6 cxd6
28. Qf2 Nf6 29. Rc6 Bxh3 30. gxh3 Qxh3 31. Rxd6 Nh5 32. Kg1 Kh8 33. Qg2 Qh4 34.
Bc3 Rf6 35. Be1 Rxd6 36. Bxh4 Rg6 37. Qxg6 hxg6 38. Rc1 Nf6 39. Rc7 Ra8 40. Re7
a5 41. b5 Ne8 42. Rxe8+ Rxe8 43. d6 1-0

[Event "Paracin 2018"]
[Site "Paracin, Hotel Petrus"]
[Date "2018.07.11"]
[Round "7.61"]
[White "Farkas, Sandor I"]
[Black "Cholleti, Sahajasri"]
[Result "1/2-1/2"]
[WhiteElo "1998"]
[BlackElo "2169"]
[PlyCount "42"]
[EventDate "2018.07.06"]

1. e4 c5 2. Nf3 d6 3. d4 cxd4 4. Nxd4 Nf6 5. Nc3 a6 6. Bg5 e6 7. f4 h6 8. Bh4
Qb6 9. a3 Be7 10. Bf2 Qc7 11. Qf3 Nbd7 12. O-O-O b5 13. g4 Bb7 14. Bg2 g5 15.
h4 gxf4 16. g5 Ne5 17. Qxf4 hxg5 18. hxg5 Rxh1 19. Bxh1 Nfd7 20. Bg2 Nf8 21.
Qg3 O-O-O 1/2-1/2

[Event "Paracin 2018"]
[Site "Paracin, Hotel Petrus"]
[Date "2018.07.11"]
[Round "7.62"]
[White "Baltic, Fatih"]
[Black "Lopuszanski, Kamil"]
[Result "1-0"]
[WhiteElo "2157"]
[BlackElo "1984"]
[PlyCount "107"]
[EventDate "2018.07.06"]

1. e4 e5 2. Nf3 Nc6 3. Bc4 Bc5 4. d3 Nf6 5. O-O d6 6. c3 a6 7. Bb3 O-O 8. h3
Be6 9. Bc2 d5 10. exd5 Bxd5 11. Bg5 h6 12. Bh4 g5 13. Bg3 Re8 14. b4 Bb6 15.
Nbd2 Nh5 16. Bh2 Nf4 17. Nc4 Qf6 18. Bxf4 Qxf4 19. Nfd2 Qg3 20. Qg4 Qxg4 21.
hxg4 Ba7 22. Ne4 Bxe4 23. dxe4 Red8 24. Rfd1 b5 25. Nd2 Rd6 26. Nf1 Rf6 27. Rd2
Rd8 28. Rad1 Rxd2 29. Rxd2 Rd6 30. Rxd6 cxd6 31. Ng3 Ne7 32. Bb3 Bb6 33. Nh5
Kf8 34. Nf6 Bc7 35. Kf1 Nc8 36. Nd5 Bd8 37. Ke2 Ke8 38. Kd3 f6 39. f3 Kd7 40.
a3 Kc6 41. Ne3 Be7 42. Bd5+ Kc7 43. Be6 Nb6 44. Nf5 Bf8 45. c4 Kc6 46. Bf7 Kd7
47. Kc3 Na8 48. Bd5 Nc7 49. Bb7 Kd8 50. Kb3 Kd7 51. a4 bxc4+ 52. Kxc4 Kd8 53.
Ne3 Be7 54. a5 1-0

[Event "Paracin 2018"]
[Site "Paracin, Hotel Petrus"]
[Date "2018.07.11"]
[Round "7.63"]
[White "Mar, Karmen"]
[Black "Ayan, Bengu Sena"]
[Result "1/2-1/2"]
[WhiteElo "2130"]
[BlackElo "1787"]
[PlyCount "94"]
[EventDate "2018.07.06"]

1. e4 e6 2. d4 d5 3. Nd2 Nc6 4. Ngf3 Nf6 5. e5 Nd7 6. Bd3 f6 7. Ng5 Ndxe5 8.
dxe5 fxg5 9. Qh5+ Kd7 10. Nf3 Be7 11. O-O Qe8 12. Qh3 Nb4 13. Nd4 Nxd3 14.
Qxe6+ Kd8 15. Qxd5+ Qd7 16. Qxd7+ Bxd7 17. cxd3 c5 18. Nc2 Bb5 19. Rd1 Kd7 20.
d4 Ke6 21. dxc5 Bxc5 22. b4 Bb6 23. a4 Rad8 24. Rxd8 Rxd8 25. Bxg5 Rc8 26. Rc1
Bc6 27. a5 Bd8 28. Bf4 Kf5 29. Bg3 Bg5 30. Re1 Rd8 31. h4 Bd2 32. Ne3+ Ke6 33.
Rd1 Rd7 34. Rxd2 Rxd2 35. f4 Rb2 36. f5+ Ke7 37. e6 Rxb4 38. h5 Ra4 39. Bc7 Rb4
40. Kf2 b6 41. a6 Ra4 42. Be5 g6 43. fxg6 hxg6 44. hxg6 Kxe6 45. g7 Kf7 46. Nf5
Ra2+ 47. Ke3 Rxg2 1/2-1/2

[Event "Paracin 2018"]
[Site "Paracin, Hotel Petrus"]
[Date "2018.07.11"]
[Round "7.64"]
[White "Todorov, Kaloyan"]
[Black "Kolbert, Engelbert"]
[Result "1-0"]
[WhiteElo "1977"]
[BlackElo "2124"]
[PlyCount "49"]
[EventDate "2018.07.06"]

1. e4 c5 2. Nf3 d6 3. d4 cxd4 4. Nxd4 Nf6 5. f3 g6 6. c4 Bg7 7. Be3 Nc6 8. Qd2
h5 9. Nc3 Nxd4 10. Bxd4 Be6 11. Be2 Rc8 12. b3 a6 13. O-O O-O 14. Rac1 Qa5 15.
Qb2 Qg5 16. f4 Qh4 17. g3 Qh3 18. Rf2 h4 19. Bf1 Qg4 20. Ne2 hxg3 21. hxg3 Nh5
22. Bxg7 Nxg7 23. Bg2 Rc5 24. Bf3 Qh3 25. Rh2 1-0

[Event "Paracin 2018"]
[Site "Paracin, Hotel Petrus"]
[Date "2018.07.11"]
[Round "7.65"]
[White "Dezelin, Milan"]
[Black "Milanovic, Maja"]
[Result "1/2-1/2"]
[WhiteElo "2146"]
[BlackElo "1955"]
[PlyCount "40"]
[EventDate "2018.07.06"]

1. Nf3 Nf6 2. b3 g6 3. Bb2 Bg7 4. g3 b6 5. Bg2 Bb7 6. O-O O-O 7. c4 c5 8. Nc3
a6 9. d3 d6 10. a3 Nc6 11. e3 Rc8 12. Rc1 e6 13. Qe2 Qc7 14. Rfd1 Qb8 15. Ne4
e5 16. h4 Nxe4 17. dxe4 Ne7 18. Qd3 Rcd8 19. Qc2 Qa8 20. Ne1 f5 1/2-1/2

[Event "Paracin 2018"]
[Site "Paracin, Hotel Petrus"]
[Date "2018.07.11"]
[Round "7.66"]
[White "Yerden, Huseyin Eren"]
[Black "Konstantinov, Aleksandar"]
[Result "1/2-1/2"]
[WhiteElo "2022"]
[BlackElo "2133"]
[PlyCount "73"]
[EventDate "2018.07.06"]

1. d4 Nf6 2. c4 e6 3. g3 Bb4+ 4. Bd2 a5 5. Bg2 O-O 6. Nf3 b6 7. Ne5 Ra7 8. O-O
d6 9. Nd3 Bxd2 10. Nxd2 c5 11. Nf3 Bb7 12. dxc5 bxc5 13. Qc2 Qc7 14. Rfd1 Be4
15. Qd2 Nbd7 16. Rac1 Rb8 17. Nfe1 Bxg2 18. Nxg2 Ra6 19. Rc2 a4 20. Qe1 Qb7 21.
Ne3 h6 22. Rb1 Qe4 23. Qd2 Ne5 24. Nxe5 Qxe5 25. Qc3 Qg5 26. Qd3 Qe5 27. Nd1
Qe4 28. Qxe4 Nxe4 29. f3 Nf6 30. e4 Rab6 31. Kf2 Kf8 32. Rd2 Ke7 33. Nc3 Rb4
34. Rd3 d5 35. exd5 exd5 36. cxd5 Rd4 37. Ke3 1/2-1/2

[Event "Paracin 2018"]
[Site "Paracin, Hotel Petrus"]
[Date "2018.07.11"]
[Round "7.67"]
[White "Damjanovic, Vuk"]
[Black "Zlatanovic, Zoran"]
[Result "1/2-1/2"]
[WhiteElo "1939"]
[BlackElo "2108"]
[PlyCount "61"]
[EventDate "2018.07.06"]

1. e4 c5 2. Ne2 d6 3. Nbc3 Nc6 4. d4 cxd4 5. Nxd4 Nf6 6. g3 Bg4 7. Be2 Bxe2 8.
Ndxe2 e6 9. O-O a6 10. a4 Qc7 11. h3 h5 12. Be3 Be7 13. Kg2 Rd8 14. f4 b6 15.
b3 Qb7 16. Nd4 Nxe4 17. Nxe4 Nxd4 18. Qxd4 Bf6 19. Qb4 Bxa1 20. Kg1 h4 21. g4
O-O 22. Rxa1 a5 23. Qd4 e5 24. Qd3 d5 25. Ng5 e4 26. Qd4 Qc6 27. Ra2 f6 28.
Qxb6 Qxb6 29. Bxb6 Rde8 30. Bc5 fxg5 31. Bxf8 1/2-1/2

[Event "Paracin 2018"]
[Site "Paracin, Hotel Petrus"]
[Date "2018.07.11"]
[Round "7.68"]
[White "Alivodic, Dario"]
[Black "Radovic, Stefan"]
[Result "1-0"]
[WhiteElo "1930"]
[BlackElo "2045"]
[PlyCount "73"]
[EventDate "2018.07.06"]

1. d4 d5 2. c4 c6 3. Nc3 Nf6 4. Nf3 a6 5. cxd5 cxd5 6. Bf4 Nc6 7. e3 Bf5 8. Rc1
e6 9. Bd3 Bxd3 10. Qxd3 Be7 11. O-O O-O 12. Ne5 Rc8 13. Nxc6 Rxc6 14. Ne2 Rxc1
15. Rxc1 Bd6 16. Qb3 Bxf4 17. Nxf4 Qd7 18. Nd3 Rc8 19. Rxc8+ Qxc8 20. Nc5 b5
21. Qa3 Qe8 22. Qxa6 e5 23. dxe5 Qxe5 24. Qxb5 h5 25. Nd3 Qf5 26. a4 Qg4 27. h3
Qd1+ 28. Kh2 Ne4 29. Qxd5 Nd2 30. Kg3 g6 31. Nf4 Kg7 32. Qe5+ Kg8 33. a5 Qe1
34. Nd5 h4+ 35. Kf4 Qxf2+ 36. Kg5 Nf3+ 37. gxf3 1-0

[Event "Paracin 2018"]
[Site "Paracin, Hotel Petrus"]
[Date "2018.07.11"]
[Round "7.69"]
[White "Lea, Daniel J"]
[Black "Molnar Gabor, Roland"]
[Result "1-0"]
[WhiteElo "1973"]
[BlackElo "2034"]
[PlyCount "57"]
[EventDate "2018.07.06"]

1. d4 Nf6 2. c4 g6 3. Nc3 d5 4. e3 Bg7 5. Qb3 c6 6. Nf3 O-O 7. Bd3 dxc4 8. Bxc4
b5 9. Bd3 Bb7 10. Ne4 Nxe4 11. Bxe4 Nd7 12. Bd2 Qb6 13. Rc1 Rfe8 14. O-O Rac8
15. Bb4 a5 16. Bc5 Qc7 17. Ng5 e6 18. Bf3 a4 19. Qd3 Rcd8 20. Ne4 Nf6 21. Nxf6+
Bxf6 22. Rfd1 e5 23. Qc3 e4 24. Be2 Rd5 25. b3 axb3 26. Qxb3 Be7 27. a4 Bxc5
28. Rxc5 bxa4 29. Qxd5 1-0

[Event "Paracin 2018"]
[Site "Paracin, Hotel Petrus"]
[Date "2018.07.11"]
[Round "7.70"]
[White "Petrovic, Zoran Z"]
[Black "Caberoglu, Arda"]
[Result "1/2-1/2"]
[WhiteElo "2025"]
[BlackElo "1869"]
[PlyCount "92"]
[EventDate "2018.07.06"]

1. d4 Nf6 2. c4 e6 3. g3 Bb4+ 4. Bd2 Qe7 5. a3 Bxd2+ 6. Nxd2 O-O 7. Bg2 d6 8.
e4 e5 9. d5 c6 10. dxc6 Nxc6 11. Ne2 Bg4 12. f3 Be6 13. O-O a6 14. Rc1 Rac8 15.
Qb3 b5 16. Qd3 Qa7+ 17. Kh1 Qb6 18. b4 Rfd8 19. h3 bxc4 20. Nxc4 Bxc4 21. Qxc4
Ne7 22. Qd3 d5 23. Rxc8 Rxc8 24. Nc3 dxe4 25. fxe4 Nc6 26. Nd5 Nxd5 27. Qxd5
Qb7 28. Rc1 Kh8 29. Bf1 f6 30. Qe6 h6 31. a4 Ne7 32. Rxc8+ Nxc8 33. Qxa6 Qxe4+
34. Bg2 Qe1+ 35. Kh2 Ne7 36. Qa8+ Kh7 37. Qe4+ Qxe4 38. Bxe4+ f5 39. Bb7 e4 40.
a5 g5 41. a6 e3 42. Kg2 f4 43. Be4+ Kg7 44. gxf4 Nc8 45. fxg5 hxg5 46. a7 Nxa7
1/2-1/2

[Event "Paracin 2018"]
[Site "Paracin, Hotel Petrus"]
[Date "2018.07.11"]
[Round "7.71"]
[White "Bilic, Milanko"]
[Black "Vujcic, Milena"]
[Result "1-0"]
[WhiteElo "2066"]
[BlackElo "1911"]
[PlyCount "119"]
[EventDate "2018.07.06"]

1. e4 e5 2. Nf3 Nc6 3. Bb5 a6 4. Ba4 Nf6 5. d3 d6 6. h3 g6 7. O-O Bg7 8. c3 O-O
9. Be3 Nd7 10. d4 Qe8 11. Re1 f5 12. exf5 gxf5 13. dxe5 f4 14. Bd4 Ncxe5 15.
Bxe5 dxe5 16. Nxe5 Bxe5 17. Bxd7 Bxd7 18. Qd5+ Qf7 19. Qxe5 Rfe8 20. Qg5+ Qg6
21. Qxg6+ hxg6 22. Nd2 Kf7 23. Nf3 Kf6 24. b3 g5 25. Kf1 g4 26. Rxe8 Rxe8 27.
hxg4 Bxg4 28. Re1 Rh8 29. Ng1 Rd8 30. f3 Bf5 31. Ke2 Bd3+ 32. Kf2 Bf5 33. g4
fxg3+ 34. Kxg3 b5 35. Kf4 Rd2 36. Ne2 Rxa2 37. Nd4 Bd7 38. Re5 a5 39. Nxb5 Bxb5
40. Rxb5 Ra3 41. Ke4 a4 42. bxa4 Rxa4+ 43. Rb4 Ra5 44. Rc4 Re5+ 45. Kd4 Rf5 46.
Rc6+ Ke7 47. Ke4 Ra5 48. Rxc7+ Kd6 49. Rc4 Rh5 50. Rd4+ Ke6 51. Kd3 Rc5 52. f4
Kf5 53. c4 Rc7 54. Kc3 Rb7 55. c5 Ke6 56. Kc4 Rb1 57. c6 Rc1+ 58. Kb5 Rb1+ 59.
Kc5 Rc1+ 60. Kb6 1-0

[Event "Paracin 2018"]
[Site "Paracin, Hotel Petrus"]
[Date "2018.07.11"]
[Round "7.72"]
[White "Murgul, Nenad"]
[Black "Stojanovic, Sreten"]
[Result "0-1"]
[WhiteElo "1851"]
[BlackElo "2060"]
[PlyCount "160"]
[EventDate "2018.07.06"]

1. e4 d5 2. exd5 Qxd5 3. Nc3 Qa5 4. d4 c6 5. Nf3 Nf6 6. Bd2 Bg4 7. Bc4 e6 8. a3
Qb6 9. Be3 Bxf3 10. gxf3 Qc7 11. Ne4 Nbd7 12. Qd2 Nd5 13. Bb3 N7f6 14. c4 Nxe3
15. Nxf6+ gxf6 16. fxe3 f5 17. O-O-O O-O-O 18. Kb1 Rg8 19. Ka2 Rg6 20. Qf2 Be7
21. Rd2 Rdg8 22. Rhd1 Bf6 23. d5 Rg2 24. Qxg2 Rxg2 25. Rxg2 Qe5 26. Rd3 exd5
27. cxd5 c5 28. d6 b5 29. d7+ Kc7 30. Bxf7 c4 31. Rd5 Qxe3 32. Rxb5 c3 33. Rxf5
Qe7 34. Bb3 Kxd7 35. bxc3 Kc6 36. Ba4+ Kc7 37. Rd5 Qe6 38. c4 Qh3 39. Rd7+ Kb6
40. Rgd2 Be5 41. c5+ Ka6 42. Bb3 Qf1 43. Bd1 Qc4+ 44. Bb3 Qc3 45. R2d6+ Bxd6
46. Rxd6+ Kb5 47. Rd8 Qxf3 48. c6 Qg2+ 49. Kb1 Qh1+ 50. Rd1 Qxc6 51. Rd5+ Kb6
52. a4 Qg6+ 53. Kc1 Qg1+ 54. Bd1 Qxh2 55. Rb5+ Kc7 56. Rb2 Qf4+ 57. Kb1 h5 58.
Bxh5 Qxa4 59. Be2 Kd6 60. Bb5 Qa3 61. Ra2 Qb3+ 62. Rb2 Qd1+ 63. Ka2 a6 64. Be2
Qa4+ 65. Kb1 a5 66. Bb5 Qe4+ 67. Ka2 Kc5 68. Be2 Qa4+ 69. Kb1 Kd4 70. Ra2 Qb4+
71. Rb2 Qe1+ 72. Ka2 a4 73. Bb5 Qd1 74. Rb1 Qd2+ 75. Rb2 Qa5 76. Ka3 Qc3+ 77.
Ka2 a3 78. Rg2 Kc5 79. Ba4 Qf3 80. Rc2+ Kb4 0-1